<?xml version="1.0" encoding="UTF-8"?>
<marc:record xmlns:marc="http://www.loc.gov/MARC21/slim">
   <marc:leader>00000nam a2200000 a 4500</marc:leader>
   <marc:datafield ind1="1" ind2=" " tag="100">
      <marc:subfield code="a">Benzin, Dean</marc:subfield>
      <marc:subfield code="4">aut</marc:subfield>
      <marc:subfield code="e">Verfasser/-in</marc:subfield>
   </marc:datafield>
   <marc:datafield ind1="1" ind2=" " tag="100">
      <marc:subfield code="a">Bake, Lukas</marc:subfield>
   </marc:datafield>
   <marc:datafield ind1="1" ind2=" " tag="100">
      <marc:subfield code="a">Teuber, Amalia</marc:subfield>
   </marc:datafield>
   <marc:datafield ind1="1" ind2=" " tag="100">
      <marc:subfield code="a">Brunk, Phelan</marc:subfield>
   </marc:datafield>
   <marc:datafield ind1="1" ind2=" " tag="100">
      <marc:subfield code="a">Heidzig, Falco</marc:subfield>
   </marc:datafield>
   <marc:datafield ind1="1" ind2=" " tag="100">
      <marc:subfield code="a">Deike, Lene</marc:subfield>
   </marc:datafield>
   <marc:datafield ind1="0" ind2="0" tag="245">
      <marc:subfield code="a">Fisch im Fell</marc:subfield>
   </marc:datafield>
   <marc:datafield ind1="0" ind2="0" tag="245">
      <marc:subfield code="b">ein großes Abentuer beginnt oft mit einem Geheimnis...</marc:subfield>
   </marc:datafield>
   <marc:datafield ind1="0" ind2="0" tag="245">
      <marc:subfield code="c">Dean Benzin</marc:subfield>
   </marc:datafield>
   <marc:datafield ind1=" " ind2="1" tag="264">
      <marc:subfield code="b">Artkeim</marc:subfield>
      <marc:subfield code="c">2023</marc:subfield>
   </marc:datafield>
   <marc:datafield ind1="1" ind2=" " tag="520">
      <marc:subfield code="a">Nach einem schweren Feuer wird der Treffpunkt von sechs Jugendlichen, eine kleine Hütte, völlig zerstört und gibt dadurch eine unter den Dielen versteckte Schatulle frei. Der mysteriöse Inhalt ruft die Gruppe um LYDIA nach Südtirol in die Berge. Für THEO im Rollstuhl ist die Tour undenkbar. Doch ausgerechnet er ist begeistert von der Idee. Er liebt die Berge, für ihn wäre der Trip ein Traum. Nach anfänglicher Skepsis stimmen SARAH, JOHANNA, FINN und LUCA zu. Die Reise beginnt. Ziel ist eine Höhle in Gipfelnähe. Nicht nur die Begegnung mit der Transgender-Punkerin NINJA sorgt in der Gruppe für Spannungen, auch die Wanderung mit dem erfahrenen Bergführer PETER bringt Ängste und Selbstzweifel bei den Jugendlichen hervor. Die Auswirkungen zerren am Zusammenhalt der Teenies untereinander. Können sie ihr Ziel trotz der Schwierigkeiten erreichen? Und was wird sie erwarten, wenn sie das Rätsel um den geheimnisumworbenen Fund aus der Silberkapsel lösen? Viele offene Fragen, die gelöst werden müssen, aber das ist schwerer als gedacht...</marc:subfield>
   </marc:datafield>
   <marc:datafield ind1=" " ind2=" " tag="020">
      <marc:subfield code="a">4260689093526</marc:subfield>
      <marc:subfield code="9">4260689093526</marc:subfield>
   </marc:datafield>
   <marc:datafield ind1=" " ind2=" " tag="041">
      <marc:subfield code="a">ger</marc:subfield>
   </marc:datafield>
   <marc:datafield ind1="0" ind2=" " tag="490">
      <marc:subfield code="v">0</marc:subfield>
   </marc:datafield>
   <marc:datafield ind1="1" ind2=" " tag="521">
      <marc:subfield code="a">FSK ab 12 freigegeben</marc:subfield>
   </marc:datafield>
   <marc:datafield ind1="1" ind2=" " tag="521">
      <marc:subfield code="a">12</marc:subfield>
   </marc:datafield>
   <marc:datafield ind1=" " ind2=" " tag="338">
      <marc:subfield code="a">Videodisk</marc:subfield>
   </marc:datafield>
   <marc:datafield ind1=" " ind2=" " tag="300">
      <marc:subfield code="a">1. DVD</marc:subfield>
   </marc:datafield>
</marc:record>
